100 Things to Know about the Oceans / (Record no. 48247)
| 000 -LEADER | |
|---|---|
| fixed length control field | 00371nam a2200109 4500 |
| 020 ## - INTERNATIONAL STANDARD BOOK NUMBER | |
| International Standard Book Number | 9781474953160 |
| 245 ## - TITLE STATEMENT | |
| Title | 100 Things to Know about the Oceans / |
| Statement of responsibility, etc | written by Jerome Martin, illustrated by Dominique Byron. |
| 260 ## - PUBLICATION, DISTRIBUTION, ETC. (IMPRINT) | |
| Place of publication, distribution, etc | London, England : |
| Name of publisher, distributor, etc | Usborne ; |
| Date of publication, distribution, etc | 2021. |
| 300 ## - PHYSICAL DESCRIPTION | |
| Extent | 128 pages. |
| Dimensions | 7.17 x 0.71 x 9.8 inches. |
| 490 ## - SERIES STATEMENT | |
| Series statement | 100 things to know about |
| 942 ## - ADDED ENTRY ELEMENTS (KOHA) | |
| Source of classification or shelving scheme | |
| Koha item type | Book |
| Withdrawn status | Lost status | Source of classification or shelving scheme | Damaged status | Not for loan | Home library | Current library | Date acquired | Total Checkouts | Full call number | Barcode | Checked out | Date last seen | Date checked out | Price effective from | Koha item type |
|---|---|---|---|---|---|---|---|---|---|---|---|---|---|---|---|
| Logos International School | Logos International School | 01/28/2025 | 16 | J 551.46 MAR | 040302 | 05/01/2026 | 04/23/2026 | 04/23/2026 | 01/28/2025 | Book |